[Event "FIDE WCh"]
[Site "?"]
[Date "1996.06.06"]
[Round "1"]
[White "Karpov Anatoly"]
[Black "Kamsky Gata"]
[Result "1-0"]
[WhiteElo "2770"]
[BlackElo "2735"]
[PlyCount "113"]
[EventDate "1996.??.??"]
[Source "www.chesslib.no"]
[SourceDate "2004.05.04"]

1. d4 Nf6 2. c4 g6 3. Nc3 d5 4. Nf3 Bg7 5. Qb3 dxc4 6. Qxc4 O-O 7. e4 Nc6 8. Be2 Bg4 9. Be3 Bxf3 10. Bxf3 e5 11. d5 Nd4 12. Bd1 b5 13. Nxb5 Nxe4 14. O-O a6 15. Nc3 Nd6 16. Qd3 Qh4 17. g3 Qh3 18. Bxd4 exd4 19. Ne2 Qf5 20. Nf4 Rfb8 21. Qxf5 Nxf5 22. Nd3 Bh6 23. Re1 a5 24. Bg4 Nd6 25. Re2 a4 26. a3 Ra5 27. Rc2 Rxd5 28. Rxc7 Ra5 29. Bf3 Bg5 30. Rd1 Rc8 31. Rxc8+ Nxc8 32. h4 Bf6 33. Rc1 Nd6 34. Kf1 Be7 35. Ke2 Kf8 36. Rc7 Bf6 37. Kd2 h5 38. Ke2 Nf5 39. Rc4 Nd6 40. Rb4 Ra6 41. Nc5 Ra7 42. Kd3 Rc7 43. Nxa4 Rc1 44. Nb6 Bg7 45. a4 Ra1 46. Nd7+ Ke8 47. Nc5 Ke7 48. Kc2 Rf1 49. Nd3 Ra1 50. Kb3 f5 51. Rb6 Bh6 52. Bd5 g5 53. Ra6 gxh4 54. gxh4 Rd1 55. Bc4 Rh1 56. a5 Rxh4 57. Bd5 1-0

[Event "Palma de Majorca"]
[Site "Palma de Majorca ESP"]
[Date "1971.??.??"]
[Round "?"]
[White "Portisch, Lajos"]
[Black "Hort, Vlastimil"]
[Result "1-0"]
[WhiteElo "2630"]
[BlackElo "2600"]
[PlyCount "71"]
[EventDate "1971.??.??"]
[Source "www.chesslib.no"]
[SourceDate "2004.05.04"]

1. d4 Nf6 2. c4 g6 3. Nc3 d5 4. Nf3 Bg7 5. Qb3 dxc4 6. Qxc4 O-O 7. e4 Bg4 8. Be2 Nfd7 9. Be3 Nc6 10. O-O-O Nb6 11. Qc5 e6 12. Kb1 Qc8 13. h3 Bxf3 14. Bxf3 a5 15. Nb5 Rd8 16. g4 Rd7 17. h4 Qd8 18. h5 a4 19. hxg6 hxg6 20. Be2 Ra5 21. Qc3 Ra8 22. f4 a3 23. b3 Qe7 24. Bf2 Na7 25. Nxa7 Rxa7 26. Rh2 Qd6 27. Qe3 Ra8 28. Rdh1 Rad8 29. e5 Qxd4 30. Qxd4 Rxd4 31. Bh4 Nd5 32. Bxd8 Rd2 33. Bg5 Rxe2 34. Rxe2 Nc3+ 35. Kc2 Nxe2 36. Kd3 1-0

[Event "London ENG"]
[Site "London ENG"]
[Date "1986.??.??"]
[Round "?"]
[White "Dlugy, Maxim"]
[Black "Korchnoi, Viktor L"]
[Result "1-0"]
[WhiteElo "2545"]
[BlackElo "2635"]
[PlyCount "55"]
[EventDate "1986.??.??"]
[Source "www.chesslib.no"]
[SourceDate "2004.05.04"]

1. d4 Nf6 2. c4 g6 3. Nc3 d5 4. Nf3 Bg7 5. Qb3 dxc4 6. Qxc4 O-O 7. e4 Nc6 8. Be2 Bg4 9. d5 Bxf3 10. gxf3 Ne5 11. Qb3 c6 12. f4 Ned7 13. dxc6 bxc6 14. Be3 Rb8 15. Qc2 Nxe4 16. Qxe4 Rxb2 17. Rc1 Qa5 18. Qxc6 Nb6 19. Bxb6 axb6 20. Kf1 Rd8 21. Rd1 Rxd1+ 22. Nxd1 Rd2 23. Ne3 Qxa2 24. Qe8+ Bf8 25. Bc4 Rxf2+ 26. Kg1 Rg2+ 27. Nxg2 Qxc4 28. Qb8 1-0

[Event "Neckar op 6th"]
[Site "Deizisau"]
[Date "2002.04.01"]
[Round "8"]
[White "Epishin, Vladimir"]
[Black "Ftacnik, Lubomir"]
[Result "1/2-1/2"]
[WhiteElo "2599"]
[BlackElo "2574"]
[PlyCount "69"]
[EventDate "2002.03.28"]
[Source "ChessBase"]
[SourceDate "2002.05.03"]

1. d4 Nf6 2. c4 g6 3. Nc3 d5 4. Nf3 Bg7 5. Qb3 dxc4 6. Qxc4 O-O 7. e4 Bg4 8. Bg5 Nc6 9. O-O-O Nd7 10. e5 Nb6 11. Qc5 f6 12. Be3 fxe5 13. dxe5 Qc8 14. h4 Qe6 15. Ng5 Qxe5 16. f3 Qxc5 17. Bxc5 Bc8 18. Bb5 h6 19. Nge4 Be6 20. Bxc6 bxc6 21. Bxe7 Rf7 22. Bc5 Rd7 23. Rxd7 Nxd7 24. Be3 a5 25. Rd1 Kf7 26. b3 c5 27. Bf4 c4 28. bxc4 Ne5 29. c5 Rb8 30. Kc2 Nc4 31. Bc1 Ne5 32. Nd5 Nc6 33. Nxc7 Nd4+ 34. Rxd4 Bxd4 35. Kd3 1/2-1/2

[Event "Bronstein Jubilee"]
[Site "San Francisco"]
[Date "1999.04.06"]
[Round "4"]
[White "Ftacnik, Lubomir"]
[Black "Gurevich, Ilya"]
[Result "1-0"]
[WhiteElo "2585"]
[BlackElo "2580"]
[PlyCount "43"]
[EventDate "1999.04.06"]
[Source "ChessBase"]
[SourceDate "1999.05.10"]

1. d4 Nf6 2. Nf3 g6 3. c4 Bg7 4. Nc3 d5 5. Qb3 dxc4 6. Qxc4 O-O 7. e4 Nc6 8. Be2 Bg4 9. d5 Bxf3 10. gxf3 Ne5 11. Qb3 c6 12. f4 Ned7 13. Be3 Qa5 14. O-O Nb6 15. Rfd1 Rfd8 16. Bd2 Rac8 17. dxc6 bxc6 18. Nd5 Rxd5 19. Bxa5 Rxa5 20. Bf3 Bh6 21. Qb4 Ra4 22. Qxe7 1-0

[Event "Moscow ol (Men)"]
[Site "Moscow"]
[Date "1994.??.??"]
[Round "6"]
[White "Piket, Jeroen"]
[Black "Malisauskas, Vidmantas"]
[Result "1/2-1/2"]
[WhiteElo "2640"]
[BlackElo "2510"]
[PlyCount "40"]
[EventDate "1994.11.??"]
[Source "ChessBase"]

1. d4 Nf6 2. c4 g6 3. Nc3 d5 4. Nf3 Bg7 5. Qb3 dxc4 6. Qxc4 O-O 7. e4 Nc6 8. Be2 Bg4 9. d5 Bxf3 10. gxf3 Ne5 11. Qb3 c6 12. f4 Ned7 13. Be3 Nb6 14. Rd1 Qc7 15. h4 Rfd8 16. Bf3 Bh6 17. Bxb6 Qxb6 18. Qxb6 axb6 19. dxc6 Rxd1+ 20. Kxd1 bxc6 1/2-1/2

[Event "Bad Woerishofen"]
[Site "?"]
[Date "1997.??.??"]
[Round "?"]
[White "Dautov, R."]
[Black "Romanishin, O."]
[Result "1-0"]
[WhiteElo "2590"]
[BlackElo "2555"]
[PlyCount "85"]
[EventDate "1997.??.??"]
[Source "ChessBase"]
[SourceDate "1997.02.01"]

1. d4 Nf6 2. c4 g6 3. Nc3 d5 4. Nf3 Bg7 5. Qb3 dxc4 6. Qxc4 O-O 7. e4 Nc6 8. Be2 Bg4 9. d5 Na5 10. Qa4 Bxf3 11. Bxf3 c6 12. O-O cxd5 13. Rd1 Nc6 14. exd5 Ne5 15. Be2 Ne8 16. Bf4 Nd6 17. Bf1 Qc8 18. Rac1 a6 19. Ne4 Qf5 20. Nxd6 exd6 21. Bg3 Rfc8 22. Qb4 Qd7 23. h3 f5 24. Re1 Rc7 25. Rxc7 Qxc7 26. Bf4 Qd7 27. Rc1 Nf7 28. Qb6 Rc8 29. Rxc8+ Qxc8 30. Bxd6 Nxd6 31. Qxd6 Bd4 32. Qf4 Bxb2 33. d6 Bf6 34. g4 Qc5 35. d7 Kg7 36. Bg2 fxg4 37. hxg4 Qe7 38. Qc7 Qe1+ 39. Bf1 Kh6 40. Qf4+ Kg7 41. Qxf6+ Kxf6 42. d8=Q+ Kg7 43. Qc7+ 1-0

[Event "Corr"]
[Site "?"]
[Date "1999.06.30"]
[Round "?"]
[White "Kamenets Anatoly V.(UKR)"]
[Black "Hamarat Tunc (AUT)"]
[Result "1/2-1/2"]
[WhiteElo "2540"]
[BlackElo "2603"]
[PlyCount "123"]
[EventDate "1999.??.??"]
[Source "www.chesslib.no"]
[SourceDate "2004.05.04"]

1. d4 Nf6 2. c4 g6 3. Nc3 d5 4. Nf3 Bg7 5. Qb3 dxc4 6. Qxc4 O-O 7. e4 Nc6 8. Be2 Bg4 9. d5 Na5 10. Qa4 Bxf3 11. Bxf3 c6 12. O-O cxd5 13. Rd1 Nc6 14. exd5 Ne5 15. Be2 Ne8 16. Ne4 Nd6 17. Nxd6 Qxd6 18. Qb3 b6 19. Be3 Nd7 20. Rac1 Nc5 21. Qa3 a5 22. Bb5 Rac8 23. Bc6 Rfd8 24. g3 e6 25. b4 axb4 26. Qxb4 exd5 27. Bxd5 Qc7 28. Rb1 Qe5 29. Qc4 Qc7 30. Qb5 Rb8 31. Qc4 Rbc8 32. Rd2 Rd7 33. Qb5 Rcd8 34. Rbd1 Rc8 35. Rc1 Qa7 36. Bf4 Bf6 37. Bh6 Bg7 38. Be3 Bf8 39. h4 h5 40. Qb1 Bg7 41. Bc4 Rxd2 42. Bxd2 Kh7 43. Be3 Re8 44. Re1 Re7 45. Kh2 f5 46. Qd1 Rd7 47. Qc2 Qa8 48. Rd1 Qd8 49. Rxd7 Qxd7 50. Bxc5 bxc5 51. a4 Qa7 52. Qb3 Bd4 53. Kg2 Kh6 54. Qb5 Qe7 55. Qb1 Qa7 56. Qa2 Qa8+ 57. Bd5 Qa5 58. Kf1 Qa6+ 59. Bc4 Qa8 60. Bd5 Qa6+ 61. Kg2 Qa5 62. Bf7 1/2-1/2

[Event "Wichern Open 3rd"]
[Site "Hamburg GER"]
[Date "1995.??.??"]
[Round "6"]
[White "Giorgadze, Giorgi"]
[Black "Jansa, Vlastimil"]
[Result "1/2-1/2"]
[WhiteElo "2605"]
[BlackElo "2525"]
[PlyCount "42"]
[EventDate "1995.09.??"]
[Source "www.chesslib.no"]
[SourceDate "2004.05.04"]

1. d4 Nf6 2. c4 g6 3. Nc3 d5 4. Nf3 Bg7 5. Qb3 dxc4 6. Qxc4 O-O 7. e4 Bg4 8. Ne5 Nc6 9. Nxc6 bxc6 10. Be3 Rb8 11. Rb1 Be6 12. Qxc6 Ng4 13. Qc5 Qd6 14. Qxd6 exd6 15. Kd2 f5 16. d5 Bd7 17. Bd3 fxe4 18. Nxe4 Nxe3 19. fxe3 Bxb2 20. Rhf1 Rxf1 21. Bxf1 Bf5 1/2-1/2

[Event "sf"]
[Site "Lvov sf"]
[Date "1987.??.??"]
[Round "3"]
[White "Gurevich, Mikhail N"]
[Black "Romanishin, Oleg M"]
[Result "1/2-1/2"]
[WhiteElo "2540"]
[BlackElo "2570"]
[PlyCount "115"]
[EventDate "1987.??.??"]
[Source "www.chesslib.no"]
[SourceDate "2004.05.04"]

1. d4 Nf6 2. c4 g6 3. Nc3 d5 4. Nf3 Bg7 5. Qb3 dxc4 6. Qxc4 O-O 7. e4 Nc6 8. Be2 Bg4 9. Be3 Bxf3 10. gxf3 e5 11. dxe5 Nxe5 12. Qd4 Qxd4 13. Bxd4 Nc6 14. Be3 Rfd8 15. Rc1 Nd4 16. Nb5 Nxb5 17. Bxb5 c6 18. Be2 Nh5 19. O-O Be5 20. Rfd1 Nf4 21. Bf1 Ne6 22. b4 a6 23. Bh3 Nd4 24. Bf1 Nxf3+ 25. Kg2 Nd4 26. f4 Bg7 27. e5 Ne6 28. Kf3 Bf8 29. Bb6 Re8 30. Rc4 g5 31. fxg5 Nxg5+ 32. Kf4 Ne6+ 33. Kf3 Bg7 34. Rg4 Nf8 35. Bd3 Ng6 36. Bc7 Rac8 37. Bxg6 hxg6 38. Rd7 Bxe5 39. Bxe5 Rxe5 40. Rf4 Rf8 41. Rxb7 c5 42. a3 cxb4 43. axb4 Re1 44. Kg3 Rg1+ 45. Kf2 Rb1 46. h4 Rb2+ 47. Kf3 Rb3+ 48. Kf2 Rb2+ 49. Kf3 Rb3+ 50. Kf2 a5 51. h5 gxh5 52. Rb5 Rc8 53. Rg5+ Kf8 54. bxa5 Rc2+ 55. Kg1 h4 56. Rgf5 Rb1+ 57. Rf1 Rxf1+ 58. Rxf1 1/2-1/2

[Event "34th Olympiad, Istanbul TUR"]
[Site "?"]
[Date "2000.??.??"]
[Round "3"]
[White "Kozul, Z."]
[Black "Rowson, J."]
[Result "1-0"]
[WhiteElo "2610"]
[BlackElo "2490"]
[PlyCount "121"]
[EventDate "2000.??.??"]
[Source "www.chesslib.no"]
[SourceDate "2004.05.04"]

1. d4 Nf6 2. c4 g6 3. Nc3 d5 4. Nf3 Bg7 5. Qb3 dxc4 6. Qxc4 O-O 7. e4 Nc6 8. Be2 Bg4 9. d5 Na5 10. Qa4 Bxf3 11. Bxf3 c6 12. O-O b5 13. Qb4 a6 14. Rd1 Nd7 15. Nb1 cxd5 16. exd5 Rc8 17. Be2 Nc4 18. a4 Qa5 19. Qxa5 Nxa5 20. Bg5 Nc4 21. axb5 Nxb2 22. Rf1 axb5 23. Bxe7 Rfe8 24. d6 Nc4 25. Ra7 Ndb6 26. d7 Rxe7 27. dxc8=Q+ Nxc8 28. Rxe7 Nxe7 29. Bxc4 bxc4 30. Rc1 h5 31. Rxc4 Bf6 32. Nd2 Nf5 33. Ne4 Be7 34. Rc7 Kf8 35. g3 Nd4 36. Kg2 Ne6 37. Rd7 Ke8 38. Ra7 Kf8 39. f4 h4 40. Ra8+ Kg7 41. Ra7 Kf8 42. Nd2 hxg3 43. hxg3 g5 44. f5 Nd4 45. g4 Nc6 46. Ra6 Nb4 47. Ra8+ Kg7 48. Ra7 Bf6 49. Ne4 Nd5 50. Kf3 Ne7 51. Nd6 Be5 52. Rxe7 Bxd6 53. Re8 Kf6 54. Ke4 Be7 55. Kd5 Ba3 56. Kc6 Bc1 57. Kd7 Bd2 58. Re2 Ba5 59. Ke8 Bb4 60. Ra2 Bc5 61. Ra6+ 1-0

[Event "Martinez op-A"]
[Site "Cannes"]
[Date "2000.08.04"]
[Round "7"]
[White "Kazhgaleyev, Murtas"]
[Black "Delchev, Aleksander"]
[Result "1-0"]
[WhiteElo "2526"]
[BlackElo "2557"]
[PlyCount "59"]
[EventDate "2000.07.29"]
[Source "www.chesslib.no"]
[SourceDate "2004.05.04"]

1. d4 Nf6 2. c4 g6 3. Nc3 d5 4. Nf3 Bg7 5. Qb3 dxc4 6. Qxc4 O-O 7. e4 Nc6 8. Be2 Bg4 9. d5 Na5 10. Qb4 Bxf3 11. Bxf3 c6 12. Be3 cxd5 13. exd5 Ne8 14. Nb5 Nd6 15. Nxd6 exd6 16. O-O b6 17. Rac1 Qf6 18. Rc2 Nb7 19. Qb5 Qf5 20. Rc4 Na5 21. Rcc1 Rac8 22. b4 Nb7 23. Qa6 Rxc1 24. Rxc1 Rc8 25. Qxb7 Rxc1+ 26. Bxc1 Qc2 27. Qa8+ Bf8 28. Qc6 Qb1 29. Qc8 Qxb4 30. g3 1-0

[Event "Lippstadt 73/547"]
[Site "?"]
[Date "1998.??.??"]
[Round "?"]
[White "Giorgadze, Giorgi"]
[Black "Wilhelmi, Christian"]
[Result "1-0"]
[WhiteElo "2610"]
[BlackElo "2470"]
[PlyCount "61"]
[EventDate "1998.??.??"]
[Source "ChessBase"]
[SourceDate "1998.06.01"]

1. d4 Nf6 2. c4 g6 3. Nc3 d5 4. Nf3 Bg7 5. Qb3 dxc4 6. Qxc4 O-O 7. e4 Bg4 8. Ne5 Be6 9. d5 Bc8 10. Be2 e6 11. Bf4 exd5 12. exd5 Ne8 13. O-O Nd6 14. Qd3 Re8 15. Nc4 Na6 16. Nxd6 cxd6 17. Rfe1 Nc5 18. Qg3 Bf5 19. Bb5 Rxe1+ 20. Rxe1 Qb6 21. Qe3 Rc8 22. Qe8+ Bf8 23. Bh6 Qd8 24. Qe3 Bxh6 25. Qxh6 Qb6 26. h3 Nd3 27. Bxd3 Bxd3 28. Qd2 Bb5 29. Ne4 Qc7 30. Nf6+ Kg7 31. Qd4 1-0

[Event "CCCA"]
[Site "?"]
[Date "1996.07.15"]
[Round "?"]
[White "Hiltunen Reijo (FIN)"]
[Black "Hollis Adrian Swayne (ENG)"]
[Result "1-0"]
[WhiteElo "2535"]
[BlackElo "2535"]
[PlyCount "45"]
[EventDate "1996.??.??"]
[Source "www.chesslib.no"]
[SourceDate "2004.05.04"]

1. d4 Nf6 2. c4 g6 3. Nc3 d5 4. Nf3 Bg7 5. Qb3 dxc4 6. Qxc4 O-O 7. e4 Bg4 8. Be3 Nc6 9. d5 Bxf3 10. gxf3 Ne5 11. Qe2 b5 12. Rd1 b4 13. Nb5 c6 14. f4 cxb5 15. fxe5 Nh5 16. f4 f6 17. e6 Qd6 18. f5 Nf4 19. Qg4 Bh6 20. Bxb5 Ng2+ 21. Qxg2 Bxe3 22. fxg6 Bb6 23. Qh3 1-0

[Event "Rishon Le Ziyyon 9798"]
[Site "Rishon Le Ziyyon"]
[Date "1997.12.30"]
[Round "6"]
[White "Kantsler, Boris"]
[Black "Mikhalevski, Victor"]
[Result "1/2-1/2"]
[WhiteElo "2535"]
[BlackElo "2535"]
[PlyCount "42"]
[EventDate "1997.12.25"]
[Source "ChessBase"]
[SourceDate "1998.03.09"]

1. Nf3 Nf6 2. c4 g6 3. Nc3 d5 4. Qa4+ Bd7 5. Qb3 dxc4 6. Qxc4 Bg7 7. e4 O-O 8. d4 Bg4 9. Ne5 Be6 10. d5 Bc8 11. Be2 e6 12. Bf4 exd5 13. exd5 Ne8 14. O-O Nd6 15. Qd3 Re8 16. Nc4 Na6 17. Nxd6 cxd6 18. Rfe1 Nc5 19. Qd2 Bf5 20. Rac1 Qb6 21. Be3 Qb4 1/2-1/2

[Event "Kladovo"]
[Site "Kladovo"]
[Date "2001.08.20"]
[Round "8"]
[White "Ivanisevic, Ivan"]
[Black "Sulypa, Alexandre"]
[Result "1-0"]
[WhiteElo "2550"]
[BlackElo "2516"]
[PlyCount "149"]
[EventDate "2001.08.13"]
[Source "ChessBase"]
[SourceDate "2001.09.11"]

1. d4 Nf6 2. c4 g6 3. Nc3 d5 4. Nf3 Bg7 5. Qb3 dxc4 6. Qxc4 O-O 7. e4 Bg4 8. Be3 Nfd7 9. O-O-O Nc6 10. h3 Bxf3 11. gxf3 a6 12. f4 Nb6 13. Qc5 Nd7 14. Qg5 Nb6 15. d5 Na7 16. Bxb6 cxb6 17. e5 f6 18. Qg4 fxe5 19. fxe5 Rxf2 20. Bc4 Kh8 21. Rhf1 Rxf1 22. Rxf1 Rc8 23. Rf7 Qc7 24. d6 Qxc4 25. Qxc4 Rxc4 26. Rxe7 Bh6+ 27. Kb1 Nc6 28. Re8+ Kg7 29. e6 Bg5 30. e7 Nxe7 31. dxe7 Kf7 32. Rb8 Bxe7 33. Rxb7 Kf8 34. Rb8+ Kf7 35. Rb7 Ke8 36. Nd5 Bg5 37. b3 Rd4 38. Nc7+ Kd7 39. Nxa6+ Kc6 40. Rxh7 Rd1+ 41. Kc2 Rg1 42. a4 Bf6 43. Kd3 Be5 44. Nb4+ Kc5 45. Nc2 Rg3+ 46. Ke4 Bd6 47. Ne3 Kb4 48. Nd5+ Kxb3 49. Nxb6 Bc5 50. a5 Kb4 51. Nd7 Ra3 52. Ne5 Kb5 53. Kd5 Rxa5 54. Rb7+ Ka6 55. Kc6 Ra1 56. Nd3 Ba3 57. Rb3 Ra2 58. Rc3 Bf8 59. Rc4 Ka5 60. Nf4 Ra4 61. Rxa4+ Kxa4 62. Nxg6 Bh6 63. h4 Kb4 64. Kd5 Kc3 65. Ne5 Bg7 66. h5 Kd2 67. Ke4 Ke2 68. Ng4 Bf8 69. Kf5 Kf3 70. Nf6 Bg7 71. Ne4 Bf8 72. Ng5+ Ke3 73. Ne6 Ba3 74. h6 Bb2 75. Ng7 1-0

[Event "tt"]
[Site "Netherlands tt"]
[Date "1979.??.??"]
[Round "8"]
[White "Langeweg, Kick"]
[Black "Timman, Jan Hein"]
[Result "1-0"]
[WhiteElo "2440"]
[BlackElo "2625"]
[PlyCount "80"]
[EventDate "1979.??.??"]
[Source "www.chesslib.no"]
[SourceDate "2004.05.04"]

1. d4 Nf6 2. c4 g6 3. Nc3 d5 4. Nf3 Bg7 5. Qb3 dxc4 6. Qxc4 O-O 7. e4 Bg4 8. Be3 Nfd7 9. O-O-O Nb6 10. Qc5 f5 11. Bg5 N8d7 12. Qa3 fxe4 13. Bxe7 Qe8 14. Bxf8 Bxf8 15. Qb3+ Be6 16. d5 Nc5 17. Qc2 Bg4 18. h3 Bxf3 19. gxf3 exf3 20. Kb1 Bg7 21. Bb5 Qf8 22. Rhe1 a6 23. Bf1 Qf4 24. Ne4 Nca4 25. d6 Nxb2 26. Rd2 cxd6 27. Qb3+ d5 28. Rxb2 Bxb2 29. Qxb2 dxe4 30. Qxb6 Re8 31. Bc4+ Kg7 32. Qd4+ Qf6 33. Rxe4 Rxe4 34. Qxe4 Qb6+ 35. Kc1 Qxf2 36. Qxb7+ Kh6 37. Qxa6 Kg5 38. Bf1 Qe1+ 39. Kc2 Kh4 40. a4 Qe4+ 1-0

[Event "MK Cafe Cup-A"]
[Site "Koszalin"]
[Date "1999.08.06"]
[Round "4"]
[White "Stohl, Igor"]
[Black "Urban, Klaudiusz"]
[Result "1-0"]
[WhiteElo "2600"]
[BlackElo "2463"]
[PlyCount "89"]
[EventDate "1999.08.03"]
[Source "ChessBase"]
[SourceDate "1999.12.01"]

1. d4 g6 2. c4 Nf6 3. Nc3 d5 4. Nf3 Bg7 5. Qb3 dxc4 6. Qxc4 O-O 7. e4 Nc6 8. Be2 Bg4 9. d5 Na5 10. Qb4 Bxf3 11. Bxf3 c6 12. O-O cxd5 13. exd5 Rc8 14. Re1 Re8 15. Be3 b6 16. Rad1 Nc4 17. Bf4 Nd7 18. Bc1 Nd6 19. Be2 a5 20. Qa3 Rc5 21. Na4 Rc8 22. Bf4 Be5 23. Bxe5 Nxe5 24. Qb3 Nec4 25. Nc3 Qc7 26. Rc1 Qc5 27. a3 Qd4 28. Rcd1 Qf6 29. Bxc4 Nxc4 30. Re2 Red8 31. h3 Qd6 32. Rd4 Qc5 33. Rd3 Kf8 34. Ne4 Qc7 35. Rc2 b5 36. d6 exd6 37. Qc3 Ne5 38. Qxe5 Qxc2 39. Qh8+ Ke7 40. Qf6+ Kf8 41. Ng5 Rd7 42. Ne6+ Ke8 43. Re3 Qc1+ 44. Kh2 Qxe3 45. fxe3 1-0

[Event "CZE-chT 9798"]
[Site "CZE"]
[Date "1997.11.16"]
[Round "2"]
[White "Babula, Vlastimil"]
[Black "Mirumian, Vigen"]
[Result "1/2-1/2"]
[WhiteElo "2555"]
[BlackElo "2505"]
[PlyCount "84"]
[EventDate "1997.??.??"]
[Source "www.chesslib.no"]
[SourceDate "2004.05.04"]

1. d4 Nf6 2. c4 g6 3. Nc3 d5 4. Nf3 Bg7 5. Qb3 dxc4 6. Qxc4 O-O 7. e4 Nc6 8. Be2 Bg4 9. d5 Na5 10. Qb4 Bxf3 11. Bxf3 c6 12. O-O Qb6 13. Qxb6 axb6 14. a4 Nb3 15. Ra3 Nxc1 16. Rxc1 Nd7 17. Rb3 Rfd8 18. h3 Bd4 19. Ra3 e5 20. dxc6 bxc6 21. Nd1 Nc5 22. b4 Na6 23. Rxc6 Nxb4 24. Rc7 Rac8 25. Rxc8 Rxc8 26. Ne3 Rc1+ 27. Nd1 Bc5 28. Kh2 Nc6 29. Ra2 Nb4 30. Ra3 h5 31. h4 Kg7 32. Kg3 Nc6 33. Ra2 Nd4 34. Ne3 f5 35. exf5 gxf5 36. Kh2 Nxf3+ 37. gxf3 Bxe3 38. fxe3 Rc3 39. Rg2+ Kf7 40. Rg5 Ke6 41. Rxh5 Rxe3 42. Rh6+ Kf7 1/2-1/2

[Event "Camp. olandese open"]
[Site "Dieren OLA"]
[Date "2007.08.01"]
[Round "8"]
[White "Gofshtein, Z."]
[Black "Van der Weide, K."]
[Result "1-0"]
[WhiteElo "2541"]
[BlackElo "2512"]
[PlyCount "79"]
[EventDate "2007.07.24"]
[Source "www.chesslib.no"]
[SourceDate "2004.05.04"]

1. Nf3 Nf6 2. c4 g6 3. Nc3 d5 4. Qa4+ Bd7 5. Qb3 dxc4 6. Qxc4 Nc6 7. d4 Bg7 8. e4 O-O 9. Be3 Bg4 10. O-O-O Nd7 11. h3 Bxf3 12. gxf3 Nb6 13. Qc5 f5 14. Ne2 Qd6 15. e5 Qxc5+ 16. dxc5 Nc4 17. f4 Rfd8 18. Bg2 e6 19. Bxc6 bxc6 20. Nd4 Re8 21. Rd3 Bf8 22. Rc3 Nxe3 23. fxe3 a5 24. Nxc6 Ra6 25. Nd4 Kf7 26. a4 c6 27. Rd1 h6 28. Nb5 Rb8 29. Nd6+ Kg7 30. Rdd3 g5 31. Rb3 Rb4 32. Rxb4 axb4 33. b3 Kg6 34. Kd2 h5 35. Rd4 g4 36. Ke2 gxh3 37. Kf2 Be7 38. Kg3 h2 39. Kxh2 Bh4 40. Rxb4 1-0

[Event "AUT Team Ch"]
[Site "Austria"]
[Date "1993.??.??"]
[Round "?"]
[White "Farago, Ivan"]
[Black "Stohl, Igor"]
[Result "1/2-1/2"]
[WhiteElo "2510"]
[BlackElo "2540"]
[PlyCount "32"]
[EventDate "1993.??.??"]
[Source "www.chesslib.no"]
[SourceDate "2004.05.04"]

1. d4 Nf6 2. c4 g6 3. Nc3 d5 4. Nf3 Bg7 5. Qb3 dxc4 6. Qxc4 O-O 7. e4 Bg4 8. Be3 Nfd7 9. O-O-O Nb6 10. Qb3 a5 11. Be2 a4 12. Qa3 Qd6 13. Qxd6 cxd6 14. Kb1 Na6 15. h3 Bd7 16. Nd2 d5 1/2-1/2

[Event "Baile Herculane zt"]
[Site "Baile Herculane"]
[Date "1982.??.??"]
[Round "5"]
[White "Schmidt, Wlodzimierz"]
[Black "Ftacnik, Lubomir"]
[Result "1/2-1/2"]
[WhiteElo "2485"]
[BlackElo "2560"]
[PlyCount "32"]
[EventDate "1982.01.??"]
[Source "ChessBase"]

1. d4 Nf6 2. c4 g6 3. Nc3 d5 4. Nf3 Bg7 5. Qb3 dxc4 6. Qxc4 O-O 7. e4 Bg4 8. Be3 Nfd7 9. O-O-O Nc6 10. Be2 Nb6 11. Qc5 Qd6 12. h3 Bxf3 13. gxf3 Nd7 14. Qc4 Nb6 15. Qc5 Nd7 16. Qc4 Nb6 1/2-1/2

[Event "AZ Sanace Cup"]
[Site "Olomouc"]
[Date "1998.08.08"]
[Round "1"]
[White "Babula, Vlastimil"]
[Black "Mirumian, Vigen"]
[Result "1/2-1/2"]
[WhiteElo "2575"]
[BlackElo "2470"]
[PlyCount "53"]
[EventDate "1998.08.08"]
[Source "ChessBase"]
[SourceDate "1998.11.30"]

1. d4 Nf6 2. c4 g6 3. Nc3 d5 4. Nf3 Bg7 5. Qb3 dxc4 6. Qxc4 O-O 7. e4 Nc6 8. Be2 Bg4 9. d5 Na5 10. Qb4 Bxf3 11. Bxf3 c6 12. O-O Qb6 13. Qa4 Nd7 14. Be3 Qxb2 15. Rfc1 Bxc3 16. Rab1 b5 17. Rxb2 bxa4 18. Rxc3 cxd5 19. exd5 Rac8 20. Rbc2 Nb6 21. Rc7 Nac4 22. Rxe7 Nxe3 23. Rxc8 Nxc8 24. Rxe3 Rd8 25. h4 Nb6 26. Kh2 Kg7 27. Re7 1/2-1/2

[Event "St. Ingbert"]
[Site "?"]
[Date "1999.??.??"]
[Round "?"]
[White "Sturua, Z."]
[Black "Hoffmann, Mi"]
[Result "1-0"]
[WhiteElo "2600"]
[BlackElo "2435"]
[PlyCount "67"]
[EventDate "1999.??.??"]
[Source "Chess Informant"]
[SourceDate "1999.10.01"]

1. d4 Nf6 2. c4 g6 3. Nc3 d5 4. Nf3 Bg7 5. Qb3 dxc4 6. Qxc4 O-O 7. e4 Nc6 8. Be2 Bg4 9. d5 Na5 10. Qb4 Bxf3 11. Bxf3 c6 12. O-O cxd5 13. exd5 Rc8 14. Re1 Re8 15. Be3 Nc4 16. Bxa7 b6 17. b3 Nd2 18. Bxb6 Nxf3+ 19. gxf3 Nxd5 20. Nxd5 Qxd5 21. Rad1 Qxf3 22. Qe4 Qf6 23. Be3 Qa6 24. a4 Rc3 25. Rb1 e6 26. Rec1 f5 27. Qb4 Rec8 28. Rxc3 Bxc3 29. Qe7 Bg7 30. Rd1 Bf8 31. Qf6 Bg7 32. Rd8+ Rxd8 33. Qxd8+ Kf7 34. Qd7+ 1-0

[Event "EUCup 16th"]
[Site "Neum"]
[Date "2000.09.27"]
[Round "4"]
[White "Yakovich, Yuri"]
[Black "Barkhagen, Jonas"]
[Result "1-0"]
[WhiteElo "2585"]
[BlackElo "2449"]
[PlyCount "74"]
[EventDate "2000.09.24"]
[Source "ChessBase"]
[SourceDate "2001.01.25"]

1. d4 Nf6 2. c4 g6 3. Nc3 d5 4. Qb3 dxc4 5. Qxc4 Bg7 6. e4 O-O 7. Be2 Nc6 8. Nf3 Bg4 9. d5 Na5 10. Qb4 Bxf3 11. Bxf3 c6 12. O-O cxd5 13. exd5 Rc8 14. Re1 Re8 15. Be3 Nc4 16. Bxa7 b6 17. Rac1 Bh6 18. Rc2 Nd2 19. Bd1 Nxd5 20. Qh4 Kg7 21. Qd4+ Nf6 22. Bxb6 Qd7 23. Na4 e5 24. Qxd7 Nxd7 25. Ba5 Nc4 26. Bc3 f6 27. Bg4 f5 28. Be2 Nf6 29. Bb4 Nd5 30. Bc5 Nd6 31. Rd1 Nb4 32. Rc3 Nxa2 33. Bxd6 Nxc3 34. bxc3 Kf6 35. Nb6 Rcd8 36. Nd5+ Kg7 37. Ne7 Rxe7 1-0

[Event "Magyarorszag (ch)"]
[Site "?"]
[Date "1991.??.??"]
[Round "?"]
[White "Farago, I."]
[Black "Horvath, J."]
[Result "1/2-1/2"]
[WhiteElo "2515"]
[BlackElo "2515"]
[PlyCount "43"]
[EventDate "1991.??.??"]
[Source "ChessBase"]
[SourceDate "1992.06.01"]

1. d4 Nf6 2. c4 g6 3. Nc3 d5 4. Nf3 Bg7 5. Qb3 dxc4 6. Qxc4 O-O 7. e4 Nc6 8. Be2 Bg4 9. d5 Na5 10. Qb4 Bxf3 11. Bxf3 c6 12. Be3 cxd5 13. exd5 Rc8 14. Bxa7 Nc4 15. O-O Nd2 16. Rfd1 Rc4 17. Qb6 Nxf3+ 18. gxf3 Qc8 19. Rd4 Nh5 20. Rxc4 Qxc4 21. Qe3 Bxc3 22. bxc3 1/2-1/2

[Event "Parsvnath ch-Commonwealth"]
[Site "New Delhi IND"]
[Date "2007.12.07"]
[Round "7"]
[White "Sundararajan, K."]
[Black "Ganguly, S."]
[Result "1/2-1/2"]
[WhiteElo "2442"]
[BlackElo "2585"]
[PlyCount "32"]
[EventDate "2007.12.03"]
[Source "www.chesslib.no"]
[SourceDate "2004.05.04"]

1. Nf3 Nf6 2. c4 g6 3. Nc3 d5 4. Qa4+ Bd7 5. Qb3 dxc4 6. Qxc4 Nc6 7. d4 Bg7 8. e4 O-O 9. Be2 Bg4 10. d5 Bxf3 11. Bxf3 Ne5 12. Qe2 c6 13. O-O cxd5 14. exd5 Nxf3+ 15. Qxf3 Qa5 16. Re1 Nxd5 1/2-1/2

[Event "ISR-ch op"]
[Site "Tel Aviv"]
[Date "2001.04.11"]
[Round "3"]
[White "Gyimesi, Zoltan"]
[Black "Roiz, Michael"]
[Result "1/2-1/2"]
[WhiteElo "2571"]
[BlackElo "2449"]
[PlyCount "50"]
[EventDate "2001.04.09"]
[Source "ChessBase"]
[SourceDate "2001.05.06"]

1. d4 Nf6 2. c4 g6 3. Nc3 d5 4. Nf3 Bg7 5. Qb3 dxc4 6. Qxc4 O-O 7. e4 Nc6 8. Be2 Bg4 9. d5 Na5 10. Qb4 Bxf3 11. Bxf3 c6 12. O-O Qb6 13. Qa4 Nd7 14. Be3 Qxb2 15. Rfc1 Bxc3 16. Rab1 b5 17. Rxb2 bxa4 18. Rxc3 cxd5 19. Rb5 Nc4 20. exd5 Ndb6 21. Bxb6 Nd6 22. Rb4 axb6 23. Rxb6 Rfb8 24. Rxb8+ Rxb8 25. g3 Rb2 1/2-1/2